000 00398nam a2200133 4500
005 20260327103028.0
008 260327b |||||||| |||| 00| 0 eng d
020 _a978-36701-1-5
100 _aMosi D E
245 _aConcise Practical Physics (with Guide and Marking Scheme)
_c/D E Mosi
260 _aZaria Kaduna;
_bAmana Publishers Limited;
_c2017
300 _aix,246p.ill;
_c24cm
942 _2lcc
_n0
_cBK
999 _c205
_d205